Language Quiz

Random Language or Europe Quiz

E.U. Official Languages Quiz Stats

 Plays Quiz Updated Oct 1, 2018

Score 0/24 Timer 05:00
3 Plays Today
% Correct
English
98.8%
French
98.3%
German
96.7%
Spanish
96.6%
Italian
93.1%
Swedish
84.1%
Dutch
81.2%
Greek
81.2%
Polish
77.4%
Portuguese
75.9%
Finnish
73.7%
Croatian
70.3%
% Correct
Danish
69.8%
Czech
65.8%
Hungarian
64.4%
Romanian
62.2%
Irish
61.9%
Latvian
57.2%
Estonian
55.6%
Slovak
55.2%
Lithuanian
54.8%
Bulgarian
52.2%
Slovenian
43.8%
Maltese
30.6%

You're not logged in!

Compare scores with friends on all Sporcle quizzes.
OR
Log In

You Might Also Like...

Show Comments

Extras

Top Quizzes Today


Score Distribution

Your Account Isn't Verified!

In order to create a playlist on Sporcle, you need to verify the email address you used during registration. Go to your Sporcle Settings to finish the process.

Report this User

Report this user for behavior that violates our Community Guidelines.

Details: